02154njm a2200373Ia 450000100060000000300090000600500170001500800410003204000130007304000130008604100130009910000110011210000180012310000380014124500210017925000110020026000100021126000620022130000170028350000370030050501870033765000620052470000650058670001660065170001850081770001410100270000920114370000950123570001040133070000960143470000770153070000830160770000900169095840IT-RoPAU20220918181110.0131025s9999 xx 000 0 und d aIT-RoPAU cIT-RoPAU aITALIANO aAA.VV. eAutore musica gCodice autore musica SPICS: 12000 aGegè Telesforo a1a ed. aITALY bGALA RECORDSc1991 [1a Ed.:1991 - Ed. Lingua Orig.: 1991] aCOMPACT DISC aMusica leggera. Canzone italiana aCu cu? …ba! - Maschi - Così solare - Mister Doc (Day By Day) - Metto il naso - Una "strana storia" - Desire of Love - Il senno di poi - Lady Is A Tramp - Metto il naso (La mosca) aMUSICA LEGGERA [COMPACT DISC]eCodice MATERIA SPICS: 9949 aTelesforo GegègCodice interprete SPICS: 33412eInterprete aBottini MaxgCodice autore musica SPICS: 33413eAutore musicapCu cu? …ba! - Maschi - Così solare - Metto il naso - Desire of Love - Metto il naso (La mosca) aTelesforo GegègCodice autore testo/musica SPICS: 33412eAutore testo/musicapCu cu? …ba! - Maschi - Metto il naso - Desire of Love - Il senno di poi - Metto il naso (La mosca) aGrandigCodice autore musica SPICS: 33414eAutore musicapMaschi - Così solare - Metto il naso - Una "strana storia" - Il senno di poi aCammarieregCodice autore testo/musica SPICS: 33415eAutore testo/musicapCosì solare aMattone ClaudiogCodice autore musica SPICS: 23582eAutore musicapMister Doc (Day By Day) aArbore RenzogCodice autore testo/musica SPICS: 10049eAutore testo/musicapMister Doc (Day By Day) aFerraringCodice autore testo/musica SPICS: 33416eAutore testo/musicapUna "strana storia" aCannongCodice autore musica SPICS: 33417eAutore musicapDesire of Love aHart LorenzgCodice autore musica SPICS: 10738eAutore musicapLady Is A Tramp aRogersgCodice autore testo/musica SPICS: 20495eAutore testo/musicapLady Is A Tramp